Every Carcharodontosauridae - Statistics

General Stats
  • This quiz has been taken 3 times
  • The average score is 9 of 20
Answer Stats
Valid/Invalid Answer % Correct
Valid Carcharodontosaurus
100%
Valid Concavenator
100%
Valid Eocarcharia
100%
Valid Giganotosaurus
100%
Valid Mapusaurus
100%
Valid Tyrannotitan
100%
Valid Acrocanthosaurus
50%
Valid Meraxes
50%
Mixed Sauroniops
50%
Valid Tameryraptor
50%
Valid Taurovenator
50%
Valid Chilantaisaurus
0%
Valid Kelmayisaurus
0%
Valid Lajasvenator
0%
Valid Lusovenator
0%
Valid Neovenator
0%
Valid Shaochilong
0%
Valid Ulughbegsaurus
0%
Mixed Veterupristisaurus
0%
Invalid Wakinosaurus
0%
No matching quizzes found
Score Distribution
Percent of People with Each Score
Percentile by Number Answered
Your Score History
You have not taken this quiz